| 000 | 00743pam a2200253 a 4500 | ||
|---|---|---|---|
| 008 | |||
| 020 | _a0750602309 (hbk.) | ||
| 049 | _aMAIN | ||
| 090 | _aTS192 | ||
| 100 | 1 | _aMoubray, John. | |
| 245 | 1 | 0 |
_aReliability-centred maintenance / _cJohn Moubray. |
| 260 |
_aOxford : _bButterworth-Heinemann, _cc1991. |
||
| 300 |
_axiii, 320 p. : _bill. ; _c24 cm. |
||
| 500 | _aIncludes index. | ||
| 504 | _aIncludes bibliographical references. | ||
| 650 | 0 | _aPlant maintenance. | |
| 650 | 0 | _aReliability (Engineering) | |
| 650 | 0 | _aMaintainability (Engineering) | |
| 907 |
_a.b10226539 _b24-01-07 _c24-01-07 |
||
| 003 | |||
| 005 | 20230123134340.0 | ||
| 040 | _cNUST | ||
| 942 |
_cBOOKS _kTS192 |
||
| 999 |
_c164366 _d164366 |
||